000 00272nam a22001217a 4500
008 170503b xxu||||| |||| 00| 0 eng d
041 _aeng
080 _22ND
_a34
100 _a14
101 _aSHJ
245 _aAMERICAN JURISPRUDENCE
_cSTATE & FEDERAL
942 _2udc
_cBK
999 _c12496
_d12496